000 00748nam a2200265Ia 4500
003 OSt
005 20220924125227.0
006 a|||||r|||| 00| 0
007 ta
008 220923b |||||||| |||| 00| 0 san d
024 _a85735
037 _cTextual
040 _aARTS
_cARTS
_bsan
041 _2san
_asan
082 _aZQ2,1235-21, 15J4;M0
100 _aNanda Pandit
_9197840
245 0 _aDattaka mimamsa edited and compiled by Manjari Shankar Marookar
250 _a2nd
260 _aPuna
_bAnad Ashram
_c1954
300 _a275p.
_ccm.
490 _aAnandashram Sanskrit Granthavali; 11
650 _aLAW
_97240
942 _hZQ2,1235-21, 15J4;M0
_cTEXL
_2CC
999 _c422163
_d422163